000 01015nac a22002897a 4500
001 BR9603955
003 BR-BrBNA
005 20240105121800.0
008 230509b bl.|||m| |||| 00| 0 por d
040 _aBR-BrBNA
_bpor
_cBiblioteca Nacional de Agricultura
072 _aF06
090 _aF06 BR9603955
100 1 _aItaborahy, C.R.
100 1 _aRamos, M.M.
100 1 _aDeniculi, W.
100 1 _aLoureiro, B.T.
110 1 _aAssociacao dos Engenheiros Agricolas de Minas Gerais, Vicosa (Brasil)
_9584
245 1 _aRelacao entre as intensidades de precipitacao media e maxima na irrigacao simulada com um aspersor para sistemas pivo central e linear
260 3 _aVicosa, MG (Brasil):
_c1993.
300 _a14 p.
490 _aEngenharia na Agricultura. Serie Irrigacao e Drenagem (Brazil)
_vv. 2(26)
_x
500 _aSummaries (En, Pt)
650 _aIrrigacao por Aspersao
650 _aIrrigacao por Pivo Central
909 _a202312
_bLúcia Elande
_c55
_dLúcia Elande
942 _2AGRIS
_n0
_cMS
999 _c287416
_d287416